Normal view
MARC view
- RADIO COMMUNICATIONS SATELLITE SYSTEM AND EQUIPMENT ELECTRONIC WARFARE SURVEILLANCE AND SIGNAL ANALYSIS
Entry Topical Term
001 - CONTROL NUMBER
- control field: 61390
003 - CONTROL NUMBER IDENTIFIER
- control field: NUST
005 - DATE AND TIME OF LATEST TRANSACTION
- control field: 20210628202738.0
008 - FIXED-LENGTH DATA ELEMENTS
- fixed length control field: 210628|| aca||aabn | a|a d
040 ## - CATALOGING SOURCE
- Original cataloging agency: NUST
- Transcribing agency: NUST
150 ## - HEADING--TOPICAL TERM
- Topical term or geographic name entry element: RADIO COMMUNICATIONS SATELLITE SYSTEM AND EQUIPMENT ELECTRONIC WARFARE SURVEILLANCE AND SIGNAL ANALYSIS
670 ## - SOURCE DATA FOUND
- Source citation: Work cat.: (NUST): Williamson, John 59574, Janes military communication 1987, 1992-93, 1995-96, 1994
